| 000 | 00483nam a2200169 i 4500 | ||
|---|---|---|---|
| 001 | 39090 | ||
| 003 | ES-MaACL | ||
| 005 | 20230906155905.0 | ||
| 007 | t| | ||
| 008 | 030227s1971 sp ||||1| spa d | ||
| 100 | 1 |
_aCampbell, Fedérico. _934137 |
|
| 245 | 1 | 0 |
_aInfame turba / _cFedérico Campbell ; fotografías de César Malet. |
| 260 |
_a[Barcelona] : _bLumen, _c[1971] |
||
| 300 |
_a396 p. ; _c21 cm. |
||
| 700 | 1 |
_aMalet, César. _975755 |
|
| 852 |
_aES-MaACL _jC-39146 _bR.79057 |
||
| 999 |
_c39090 _d39090 |
||